[Event "Berlin Lichtenberger op 18th"]
[Site "Berlin"]
[Date "2019.08.23"]
[Round "7"]
[White "Koerber, Bernhard"]
[Black "Morczynski, Ryszard"]
[Result "1-0"]
[WhiteElo "1488"]
[BlackElo "1304"]
[PlyCount "63"]
[EventDate "2019.08.17"]
[EventType "swiss"]
[EventRounds "9"]
[EventCountry "GER"]
[SourceTitle "EXT 2020"]
[Source "ChessBase"]
[SourceDate "2019.10.17"]
[SourceVersion "1"]
[SourceVersionDate "2019.10.17"]
[SourceQuality "1"]

1. e4 g6 2. d4 c6 3. Nc3 h5 4. f4 d5 5. e5 Nh6 6. Nf3 Bg4 7. Be2 Bxf3 8. Bxf3 e6 9. Be3 Nf5 10. Bf2 h4 11. Qd2 Be7 12. 0-0-0 Kf8 13. g4 hxg3 14. hxg3 Kg7 15. Rdg1 Na6 16. Qd1 Qa5 17. Rg2 b5 18. Rgh2 b4 19. Nb1 Qxa2 20. b3 Qa5 21. g4 Nh6 22. Qg1 c5 23. Rh3 Rag8 24. Qh2 f5 25. Rxh6 Qd8 26. Rh7+ Rxh7 27. Qxh7+ Kf8 28. gxf5 Rg7 29. Qh6 exf5 30. Rg1 g5 31. Bh4 g4 32. Bf6 1-0

[Event "GER-ch48 final email"]
[Site "GER email"]
[Date "2018.09.24"]
[Round "?"]
[White "Tauber, Hans"]
[Black "Koerber, Bernhard"]
[Result "1-0"]
[WhiteElo "2511"]
[BlackElo "2413"]
[PlyCount "97"]
[EventDate "2018.??.??"]
[EventType "tourn (corr)"]
[EventRounds "14"]
[EventCountry "GER"]
[SourceTitle "Corr 2022"]
[Source "ChessBase"]
[SourceDate "2021.10.24"]
[SourceVersion "1"]
[SourceVersionDate "2021.10.24"]
[SourceQuality "1"]

1. e4 e6 2. d4 d5 3. Nc3 Bb4 4. e5 c5 5. a3 Bxc3+ 6. bxc3 Ne7 7. Qg4 Kf8 8. a4 Qc7 9. Qd1 cxd4 10. cxd4 Qc3+ 11. Bd2 Qxd4 12. Nf3 Qe4+ 13. Be2 Nbc6 14. Bc3 Ng6 15. 0-0 Nf4 16. Bd3 Nxd3 17. cxd3 Qg6 18. a5 a6 19. Ra4 Bd7 20. h3 h5 21. Rf4 Kg8 22. Qb1 d4 23. Bxd4 Nxd4 24. Nxd4 Rb8 25. Qb4 Qg5 26. Nf3 Qd8 27. Rd4 Qe8 28. Ng5 Rh6 29. Rd6 h4 30. f4 Rh5 31. Qb2 Bc6 32. Qe2 g6 33. Qg4 Bd5 34. Ne4 Bxe4 35. dxe4 Qe7 36. Kh1 Rf8 37. f5 Qg5 38. Qe2 Rh7 39. Rd7 gxf5 40. exf5 exf5 41. Rxb7 Rg7 42. e6 fxe6 43. Qxe6+ Rff7 44. Qd5 Qe3 45. Rb8+ Kh7 46. Qa8 Qe2 47. Rh8+ Kg6 48. Qc6+ Rf6 49. Rh6+ 1-0

[Event "Berlin Lichtenberger op 17th"]
[Site "Berlin"]
[Date "2018.08.23"]
[Round "6"]
[White "Koerber, Bernhard"]
[Black "Ruddat, Mathias"]
[Result "0-1"]
[WhiteElo "1552"]
[BlackElo "1399"]
[PlyCount "64"]
[EventDate "2018.08.18"]
[EventType "swiss"]
[EventRounds "9"]
[EventCountry "GER"]
[SourceTitle "CBM 186 Extra"]
[Source "ChessBase"]
[SourceDate "2018.08.24"]
[SourceVersion "1"]
[SourceVersionDate "2018.08.24"]
[SourceQuality "1"]

1. e4 c5 2. Nc3 Nc6 3. f4 d6 4. Nf3 e5 5. fxe5 dxe5 6. Bb5 Bd7 7. Bxc6 Bxc6 8. d3 Bd6 9. 0-0 Nf6 10. Bg5 0-0 11. Qe1 Be7 12. Nxe5 Qd4+ 13. Be3 Qxe5 14. Rf5 Qc7 15. Qf2 Ng4 16. Bf4 Nxf2 17. Bxc7 Ng4 18. h3 Rac8 19. Bg3 Nf6 20. Bh4 Bd8 21. Kh1 Nd7 22. Bf2 b6 23. Be3 Nf6 24. Raf1 c4 25. R5f3 Bc7 26. g4 Rce8 27. Ne2 Be5 28. Nd4 Bxd4 29. Bxd4 Nd7 30. h4 Ne5 31. Rg3 cxd3 32. cxd3 Nxd3 0-1

[Event "GER-ch50 V05 email"]
[Site "GER email"]
[Date "2018.05.15"]
[Round "?"]
[White "Koch, Hans Georg"]
[Black "Koerber, Bernhard"]
[Result "1/2-1/2"]
[WhiteElo "2311"]
[BlackElo "2409"]
[PlyCount "94"]
[EventDate "2018.??.??"]
[EventType "tourn (corr)"]
[EventRounds "10"]
[EventCountry "GER"]
[SourceTitle "Corr 2020"]
[Source "ChessBase"]
[SourceDate "2019.09.30"]
[SourceVersion "1"]
[SourceVersionDate "2019.09.30"]
[SourceQuality "1"]

1. Nf3 Nf6 2. c4 g6 3. d4 Bg7 4. Nc3 d5 5. cxd5 Nxd5 6. e4 Nxc3 7. bxc3 c5 8. Rb1 0-0 9. Bd2 cxd4 10. cxd4 Bxd4 11. Nxd4 Qxd4 12. Qc2 b6 13. Be3 Qe5 14. Be2 Ba6 15. Qa4 Bxe2 16. Kxe2 Qe6 17. Rhc1 Nd7 18. Qc4 Qxc4+ 19. Rxc4 Rfc8 20. Rbc1 Rxc4 21. Rxc4 Kf8 22. Bf4 Ke8 23. a4 Nf8 24. a5 Ne6 25. Be3 b5 26. Rc2 a6 27. Rc6 Kd7 28. Rb6 Nd8 29. Bd2 Nc6 30. f4 Kc7 31. f5 gxf5 32. exf5 h5 33. Kf3 Ne5+ 34. Ke2 Nc4 35. Rh6 Nxd2 36. Kxd2 f6 37. Rxh5 Rg8 38. g3 Rg4 39. Kc3 Ra4 40. Kb2 Kd6 41. Rh8 Rxa5 42. Rd8+ Ke5 43. Rd7 Ra4 44. Rxe7+ Kxf5 45. Ra7 a5 46. h3 b4 47. g4+ Kg5 1/2-1/2

[Event "GER-ch50 V05 email"]
[Site "GER email"]
[Date "2018.05.15"]
[Round "?"]
[White "Koentges, Markus"]
[Black "Koerber, Bernhard"]
[Result "1/2-1/2"]
[WhiteElo "2390"]
[BlackElo "2409"]
[PlyCount "87"]
[EventDate "2018.??.??"]
[EventType "tourn (corr)"]
[EventRounds "10"]
[EventCountry "GER"]
[SourceTitle "Corr 2020"]
[Source "ChessBase"]
[SourceDate "2019.09.30"]
[SourceVersion "1"]
[SourceVersionDate "2019.09.30"]
[SourceQuality "1"]

1. e4 e6 2. d4 d5 3. Nc3 Bb4 4. e5 c5 5. a3 Bxc3+ 6. bxc3 Ne7 7. Qg4 Kf8 8. Qd1 Qa5 9. Bd2 cxd4 10. cxd4 Qa4 11. Rb1 b6 12. Rb4 Qe8 13. Rb3 Ba6 14. Bxa6 Nxa6 15. Ne2 Rc8 16. Nc3 Qd7 17. Nb5 Rc4 18. 0-0 Kg8 19. c3 Nc7 20. a4 h6 21. Rb2 Ne8 22. a5 bxa5 23. Qe2 Rc8 24. Na3 Nc6 25. Rfb1 a4 26. Qa6 Nc7 27. Qxa4 Nxe5 28. Qxd7 Nxd7 29. Rb7 Nf6 30. f3 a6 31. R1b6 Kh7 32. Rc6 Nb5 33. Rxc8 Rxc8 34. Nxb5 axb5 35. Rxf7 Ra8 36. Re7 Ra2 37. Be3 Rc2 38. Rxe6 Rxc3 39. Kf1 b4 40. Bd2 Rb3 41. Rb6 Rb1+ 42. Kf2 b3 43. g3 Kg6 44. g4 1/2-1/2

[Event "Berlin Lichtenberger op 16th"]
[Site "Berlin"]
[Date "2017.08.19"]
[Round "1"]
[White "Willich, Manfred"]
[Black "Koerber, Bernhard"]
[Result "1-0"]
[WhiteElo "1961"]
[BlackElo "1574"]
[PlyCount "33"]
[EventDate "2017.08.19"]
[EventType "swiss"]
[EventRounds "9"]
[EventCountry "GER"]
[SourceTitle "CBM 180 Extra"]
[Source "ChessBase"]
[SourceDate "2017.10.06"]
[SourceVersion "1"]
[SourceVersionDate "2017.10.06"]
[SourceQuality "1"]

1. d4 Nf6 2. c4 g6 3. Nc3 d5 4. cxd5 Nxd5 5. Na4 Bg7 6. Nf3 0-0 7. e4 Nf6 8. Bd3 Bg4 9. Be3 Nc6 10. Bc2 Bxf3 11. gxf3 Nb4 12. Bb3 e6 13. Qd2 a5 14. a3 Nc6 15. Qc3 Nd7 16. e5 b6 17. Qxc6 1-0

[Event "GER-ch47 final email"]
[Site "GER email"]
[Date "2017.02.05"]
[Round "?"]
[White "Boehnke, Hartmut"]
[Black "Koerber, Bernhard"]
[Result "1/2-1/2"]
[WhiteElo "2298"]
[BlackElo "2399"]
[PlyCount "47"]
[EventDate "2017.??.??"]
[EventType "tourn (corr)"]
[EventRounds "14"]
[EventCountry "GER"]
[SourceTitle "Corr 2017"]
[Source "ChessBase"]
[SourceDate "2017.09.19"]
[SourceVersion "1"]
[SourceVersionDate "2017.09.19"]
[SourceQuality "1"]

1. e4 e6 2. d4 d5 3. Nc3 Bb4 4. e5 c5 5. a3 Bxc3+ 6. bxc3 Ne7 7. Qg4 Kf8 8. Bd2 b6 9. Bd3 Ba6 10. dxc5 Bxd3 11. cxd3 bxc5 12. Nf3 Nd7 13. 0-0 h6 14. c4 d4 15. Rab1 Rb8 16. h4 g6 17. h5 Qc7 18. hxg6 Nxg6 19. Nh4 Ndxe5 20. Nxg6+ Nxg6 21. Qh5 Rxb1 22. Bxh6+ Ke7 23. Rxb1 Qe5 24. Qxe5 1/2-1/2

[Event "GER-ch47 final email"]
[Site "GER email"]
[Date "2017.02.05"]
[Round "?"]
[White "Koerber, Bernhard"]
[Black "Offenborn, Heinz"]
[Result "1/2-1/2"]
[WhiteElo "2399"]
[BlackElo "2297"]
[PlyCount "81"]
[EventDate "2017.??.??"]
[EventType "tourn (corr)"]
[EventRounds "14"]
[EventCountry "GER"]
[SourceTitle "Corr 2020"]
[Source "ChessBase"]
[SourceDate "2019.09.30"]
[SourceVersion "1"]
[SourceVersionDate "2019.09.30"]
[SourceQuality "1"]

1. e4 e5 2. Nf3 Nc6 3. Bb5 a6 4. Bxc6 dxc6 5. 0-0 f6 6. d4 Bg4 7. c3 Bd6 8. Be3 exd4 9. cxd4 Qd7 10. Nbd2 0-0-0 11. Rc1 Ne7 12. Nc4 Qe6 13. h3 Bh5 14. Bd2 Qxe4 15. Nxd6+ Rxd6 16. Re1 Bxf3 17. Rxe4 Bxd1 18. Rxe7 Bh5 19. Rxg7 Rd7 20. Rxd7 Kxd7 21. Rc5 Bf7 22. a3 Rd8 23. g4 Bd5 24. Rc3 Ke7 25. Re3+ Kf7 26. Kh2 Be6 27. Bc3 h5 28. f3 Rg8 29. Re1 Bb3 30. Kg3 f5 31. Bb4 fxg4 32. fxg4 hxg4 33. hxg4 Be6 34. Re4 Rh8 35. Bd2 Rg8 36. Bc1 a5 37. g5 Rd8 38. Bf4 Rd7 39. Re2 a4 40. Be5 Kg6 41. Bf6 1/2-1/2

[Event "GER-ch47 final email"]
[Site "GER email"]
[Date "2017.02.05"]
[Round "?"]
[White "Laube, Bernd"]
[Black "Koerber, Bernhard"]
[Result "1-0"]
[WhiteElo "2367"]
[BlackElo "2399"]
[PlyCount "117"]
[EventDate "2017.??.??"]
[EventType "tourn (corr)"]
[EventRounds "14"]
[EventCountry "GER"]
[SourceTitle "Corr 2020"]
[Source "ChessBase"]
[SourceDate "2019.09.30"]
[SourceVersion "1"]
[SourceVersionDate "2019.09.30"]
[SourceQuality "1"]

1. Nf3 Nf6 2. c4 b6 3. Nc3 Bb7 4. g3 c5 5. Bg2 g6 6. 0-0 Bg7 7. d4 cxd4 8. Qxd4 d6 9. Rd1 Nbd7 10. b3 Rc8 11. Be3 0-0 12. Qh4 a6 13. Rac1 Re8 14. Bh3 Ba8 15. g4 b5 16. g5 Nh5 17. c5 Rc7 18. b4 dxc5 19. bxc5 e6 20. Ne4 Qe7 21. Nd6 Rd8 22. Bg4 Nxc5 23. Bxc5 Nf4 24. Ne1 Rxc5 25. Rxc5 Bb7 26. Nc8 Rxc8 27. Rxc8+ Bxc8 28. Ng2 Nxg2 29. Kxg2 h5 30. Bf3 e5 31. Bd5 Bh6 32. Qg3 h4 33. Qc3 Qxg5+ 34. Kh1 Qf5 35. Qd3 Kf8 36. Be4 Qxf2 37. Qd8+ Kg7 38. Qxc8 Bf4 39. Qh3 Qxe2 40. Bf3 Qxa2 41. Qxh4 Qc4 42. Kg2 Qc2+ 43. Qf2 Qf5 44. Ra1 Qf6 45. Be4 Qd6 46. h4 Qb4 47. Bd3 a5 48. Qe2 e4 49. Bxe4 Qc3 50. Rh1 Qg3+ 51. Kf1 a4 52. h5 Be5 53. Qd2 Bc3 54. Qd3 Qxd3+ 55. Bxd3 a3 56. Bb1 gxh5 57. Rxh5 b4 58. Rb5 f6 59. Rb6 1-0

[Event "GER-ch47 final email"]
[Site "GER email"]
[Date "2017.02.05"]
[Round "?"]
[White "Mehlhorn, Uwe"]
[Black "Koerber, Bernhard"]
[Result "1/2-1/2"]
[WhiteElo "2356"]
[BlackElo "2399"]
[PlyCount "83"]
[EventDate "2017.??.??"]
[EventType "tourn (corr)"]
[EventRounds "14"]
[EventCountry "GER"]
[SourceTitle "Corr 2020"]
[Source "ChessBase"]
[SourceDate "2019.09.30"]
[SourceVersion "1"]
[SourceVersionDate "2019.09.30"]
[SourceQuality "1"]

1. Nf3 Nf6 2. c4 g6 3. g3 Bg7 4. Bg2 d5 5. cxd5 Nxd5 6. d4 Nb6 7. Nc3 Nc6 8. e3 0-0 9. 0-0 Re8 10. Re1 a5 11. Qe2 e5 12. Nxe5 Nxe5 13. dxe5 Bxe5 14. e4 Be6 15. Bf4 Bxf4 16. gxf4 Qh4 17. Qe3 Nc4 18. Qg3 Qxg3 19. hxg3 c6 20. b3 Na3 21. Rac1 Rad8 22. e5 Kg7 23. Red1 Bg4 24. f3 Bf5 25. Ne4 Bxe4 26. fxe4 Nb5 27. Kf2 b6 28. Ke3 c5 29. Bf1 Nd4 30. Rd2 h5 31. Bc4 Re7 32. a4 Red7 33. Rh1 Rh8 34. g4 hxg4 35. Rxh8 Kxh8 36. Rg2 Kg7 37. Rxg4 Re7 38. Bd5 Kf8 39. Rg2 Rc7 40. Kd3 Re7 41. Bc4 Kg7 42. Bd5 1/2-1/2

[Event "GER-ch47 final email"]
[Site "GER email"]
[Date "2017.02.05"]
[Round "?"]
[White "Tiemann, Hagen"]
[Black "Koerber, Bernhard"]
[Result "1/2-1/2"]
[WhiteElo "2331"]
[BlackElo "2399"]
[PlyCount "59"]
[EventDate "2017.??.??"]
[EventType "tourn (corr)"]
[EventRounds "14"]
[EventCountry "GER"]
[SourceTitle "Corr 2017"]
[Source "ChessBase"]
[SourceDate "2017.09.19"]
[SourceVersion "1"]
[SourceVersionDate "2017.09.19"]
[SourceQuality "1"]

1. e4 e6 2. d4 d5 3. Nc3 Bb4 4. e5 c5 5. a3 Bxc3+ 6. bxc3 Ne7 7. Qg4 Kf8 8. Qd1 b6 9. Nf3 h6 10. a4 Ba6 11. Bxa6 Nxa6 12. 0-0 Kg8 13. Qe2 c4 14. Nh4 Nc7 15. f4 Qd7 16. Ba3 Ng6 17. Nxg6 fxg6 18. Qg4 Kh7 19. Rfb1 Rhc8 20. Bb4 a5 21. Bd6 Rab8 22. Rb2 b5 23. h4 h5 24. Qh3 bxa4 25. Rxb8 Rxb8 26. Bxc7 Qxc7 27. Qxe6 Rb6 28. Qe8 Qb7 29. f5 Rb1+ 30. Kh2 1/2-1/2